000 00231nam a2200121Ia 4500
100 _a#N/A
650 _aComputer/ IT
942 _cBK
654 _adesktop
245 _aDress up your Desktop
260 _b#N/A
546 _aENGLISH
999 _c31791
_d31791